LEADER 01088nam 2200373 450 001 9910332356403321 005 20221017084253.0 010 $a1-83881-138-9 010 $a1-83880-404-8 035 $a(CKB)4100000008878064 035 $a(NjHacI)994100000008878064 035 $a(EXLCZ)994100000008878064 100 $a20221017d2019 uy 0 101 0 $aeng 135 $aur||||||||||| 181 $ctxt$2rdacontent 182 $cc$2rdamedia 183 $acr$2rdacarrier 200 00$aTreatment of brachial plexus injuries /$fedited by Vicente Vanaclocha, Nieves Sa?iz-Sapena 210 1$aLondon, England :$cIntechOpen,$d[2019] 210 4$dİ2019 215 $a1 online resource (156 pages) $cillustrations 311 $a1-83880-403-X 606 $aBrachial plexus 615 0$aBrachial plexus. 676 $a617.57 702 $aVanaclocha$b Vicente 702 $aSa?iz-Sapena$b Nieves 801 0$bNjHacI 801 1$bNjHacl 906 $aBOOK 912 $a9910332356403321 996 $aTreatment of Brachial Plexus Injuries$92211809 997 $aUNINA LEADER 01341nam0-2200409---450 001 990005716650203316 005 20190403125010.0 035 $a000571665 035 $aUSA01000571665 035 $a(ALEPH)000571665USA01 035 $a000571665 100 $a20070523d1986----|||y0itaa50------ba 101 $aeng 102 $agb 105 $a0 00||| 200 1 $aAspects of international socialism$e1871-1914$eessays by Georges Haupt$ftranslated by Peter Fawcett$gwith a preface by Eric Hobsbawm 210 $aCambridge$cCambridge University Press$d1986 215 $aXVII, 181 p.$d24 cm. 225 2 $aStudies in modern capitalism. Etudes sur le capitalism moderne 410 0$12001$aStudies in modern capitalism. Etudes sur le capitalism moderne 606 $aSOCIALISMO$xsec. 20.$2F 606 $aComunismo$2F 620 $dCAMBRIDGE 676 $a335 700 1$aHAUPT,$bGeorges$0119056 702 1$aFAWCETT,$bPeter 702 1$aHOBSBAWM,$bE. J.$f<1917-2012 > 801 0$aIT$bSA$c20111219 912 $a990005716650203316 950 0$aDipar.to di Filosofia - Salerno$dDFCC 335 HAU$e2084 FIL 951 $aCC 335 HAU$b2084 FIL 959 $aBK 969 $aFIL 979 $c20121027$lUSA01$h1526 979 $c20121027$lUSA01$h1615 996 $aAspects of international socialism$91083600 997 $aUNISA